000
00333pam a2200157a 44500
008
230405s2006 xxu||||| |||| 00| 0 eng d
041
_a
ENG
100
_a
Scott Mitchell
245
_a
ASP.NET 2.0 in 24 Hours
250
_a
1
260
_a
_b
Person
_c
2006
300
_a
672pg
440
_a
275
690
_a
MCA
906
_a
6477
999
_c
259336
_d
259336